| 000 | 00789nac a22002051u 4500 | ||
|---|---|---|---|
| 010 | _a010254849 | ||
| 020 | _a8175811919 | ||
| 082 |
_a820.9 _bBER |
||
| 090 |
_c7339 _d7339 |
||
| 100 | _aBernard Shaw. | ||
| 245 |
_aCndida : Edited With A critical Introduction, Complete Text With Paraphrase, Critical Review Of The Play and Critical and Explanatory Comments / _cBernard Shaw ;[ Editor With A Critical Introduction ] Raghukul Tilak. |
||
| 250 | _a61th ed. | ||
| 260 |
_aNew Delhi: _bRama Brothers India PVT ltd,c.2005. _cc.2005. |
||
| 300 |
_a266p; _c20cm. |
||
| 500 | _aDistributer: Al-Ahram. | ||
| 511 | _aCatalogued By: mhitab. | ||
| 650 | _aEnglish Literature-History-Critics. | ||
| 700 | _aTilak, Raghukul. | ||
| 942 |
_cBB _k820.9BER |
||
| 999 |
_c7339 _d7339 |
||